Антична рисувана керамика в България (Запис номер 395240)
[ съкратено ]
| 000 -Лидер | |
|---|---|
| Контролно поле с фиксирана дължина | nam a22 a 4500 |
| 003 - Код на организацията, давaща контролен номер | |
| Контролно поле | BLK |
| 005 - Дата и час на последна редакция | |
| Контролно поле | 20210122113757.0 |
| 008 - Елементи от данни с фиксирана дължина | |
| fixed length control field | 200311b bul|||||r ||||||| ||bul|| |
| 040 ## - Източник на каталожния запис | |
| Идентификатор на билиотеката - собственик на записа | BLK |
| 041 ## - Код за език | |
| Код за езика на текст/звукозапис или на отделно заглавие | Български |
| Код за езика КДБФ | Български |
| 080 ## - УДК | |
| Текстов определител УДК | Паметници на културата на историческите периоди. Археологическите паметници. Старини |
| УДК код - определител по УДК | 904:738 |
| УДК - код + определител | 904:738 |
| 100 1# - Редна дума - Автор | |
| Автор | Лазаров, Михаил |
| Авторска отговорност | първи автор |
| R(LIN) | 87121 |
| 139 ## - Редно поле | |
| Редна дума | Лазаров, Михаил |
| 245 10 - Сведения за заглавието | |
| Заглавие | Антична рисувана керамика в България |
| Подзаглавни данни | [Моногр.] |
| Редно поле (дума) | Михаил Лазаров; прев. на англ. Маргарита Алексиева; прев. на нем. Герда Минкова |
| 257 ## - Страна на издаване | |
| Страна на създаване/издаване | България |
| 260 ## - Област на издателските данни | |
| Място на издаване, разпространение и проч. | София |
| Име на издателя, разпространителя и проч. | Бълг. художник |
| Година на издаване | 1990 |
| 9 (RLIN) | 216512 |
| Издателство - префикс ISBN | 954-406- |
| 300 ## - Физическа характеристика | |
| Страници | 144 с. |
| Илюстрации и др. | с ил. |
| Размери/Мащаб | 28 см |
| 380 ## - Жанр | |
| Жанр | География |
| 500 ## - Общи забележки | |
| Забележка | 1 320 тир. - Рез. на англ., нем. ез. / Прев. М. Алексиева, Г. Минкова. - Моногр. съдържа 22 цв. и 70 черно-бели репрод. |
| 650 #0 - Допълнително описание по предмет – тема | |
| 9 (RLIN) | 249798 |
| Основно описание – тема или топоним | Керамика, антична - България |
| 700 ## - Други автори (авторска отговорност) | |
| Лично име | Алексиева, Маргарита |
| 9 (RLIN) | 988 |
| Автороска отговорност (Описва отношението между автора и произведението) | прев. на англ. |
| 700 ## - Други автори (авторска отговорност) | |
| Лично име | Минкова, Герда |
| 9 (RLIN) | 999 |
| Автороска отговорност (Описва отношението между автора и произведението) | прев. на нем. |
| 852 ## - Местоположение | |
| Форматна сигнатура | Цб ІІ 7537 |
| Фондова буква | Хранилище |
| 999 ## - СИСТЕМНИ КОНТРОЛНИ НОМЕРА | |
| Koha biblionumber | 395240 |
| Koha biblioitemnumber | 395240 |
| 942 ## - АРТИКУЛИ | |
| Вид на библиотечния материал | Книги |
| Скрит в OPAC | Не |
| Периодичен библиозапис | Да |
| 944 ## - СЪЗДАВАНЕ И РЕДАКЦИЯ на ЗАПИСА | |
| Създаване/Редакция | Създаване |
| Дата на регистрацията/редакция | 2021-01-22 |
| Служител, извършил регистрацията/редакцията | СТ |
| Код за отписване | Код за изгубен артикул | Източник на класификационната схема | Код за повреда | Коз за рестрикции | Код за отдаване | Артикулен № | Име на библиотеката - собственик | Име на библиотеката, в която се намира в момента | Статус (Текущо местоположение) | Дата на вписване в системата | Местоположение - отдел | Цена в лева | Инвентарен номер | Систематично азбучна сигнатура | Баркод | Цена в евро | Служебен тип на артикула |
|---|---|---|---|---|---|---|---|---|---|---|---|---|---|---|---|---|---|
| Не е изгубен | Universal Decimal Classification | Не е повреден | само за читалня | ползва се в читалня | 808423 | Регионална библиотека "Любен Каравелов" Русе | Регионална библиотека "Любен Каравелов" Русе | Хранилище | 2021-01-22 | Основен фонд - ползва се само за читалня | 10.00 | 540776 | Цб ІІ 7537 | 120000540776 | 5.11 | Книги |